Automotive steels : design, metallurgy, processing and applications (Record no. 84482)

MARC details
000 -LEADER
fixed length control field 01057nam a2200193 a 4500
008 - FIXED-LENGTH DATA ELEMENTS--GENERAL INFORMATION
fixed length control field 211117s2017 ||||||||||||||||| || u
020 ## - INTERNATIONAL STANDARD BOOK NUMBER
International Standard Book Number 9780081006382
050 ## - LIBRARY OF CONGRESS CALL NUMBER
Classification number TL 154 Aut
100 ## - MAIN ENTRY--PERSONAL NAME
Personal name Rana, Radhakanta
245 10 - TITLE STATEMENT
Title Automotive steels : design, metallurgy, processing and applications
Statement of responsibility, etc. Edited by Radhakanta Rana and Shiv Brat Singh
260 ## - PUBLICATION, DISTRIBUTION, ETC.
Place of publication, distribution, etc. Duxford, United Kingdom
Name of publisher, distributor, etc. Woodhead Publishing Ltd
Date of publication, distribution, etc. 2017
300 ## - PHYSICAL DESCRIPTION
Extent viii, 469 pages : illustrations
650 ## - SUBJECT ADDED ENTRY--TOPICAL TERM
Topical term or geographic name entry element STEEL, AUTOMOBILE
650 ## - SUBJECT ADDED ENTRY--TOPICAL TERM
Topical term or geographic name entry element AUTOMOBILE--MATERIALS
700 ## - ADDED ENTRY--PERSONAL NAME
Personal name Singh, Shiv Brat
995 ## -
-- MAIN LIBRARY OPEN ACCESS
-- 751369
-- CBU-MAIN LIBRARY (Kitwe)
-- 210.93
-- TL 154 Aut
-- 3
-- AVAILABLE
-- Nov 17, 2021
-- 751369
-- Main Library Open Access Collection
995 ## -
-- MAIN LIBRARY OPEN ACCESS
-- 751367
-- CBU-MAIN LIBRARY (Kitwe)
-- 210.93
-- TL 154 Aut
-- 1
-- AVAILABLE
-- Nov 17, 2021
-- 751367
-- Main Library Open Access Collection
995 ## -
-- MAIN LIBRARY OPEN ACCESS
-- 751368
-- CBU-MAIN LIBRARY (Kitwe)
-- 210.93
-- TL 154 Aut
-- 2
-- AVAILABLE
-- Nov 17, 2021
-- 751368
-- Main Library Open Access Collection
999 ## -
-- 84482
-- 84482
Holdings
Withdrawn status Lost status Source of classification or shelving scheme Damaged status Not for loan Permanent Location Current Location Shelving location Date acquired Total Checkouts Full call number Barcode Date last seen Copy number Price effective from Koha item type Collection code Source of acquisition
          CBU- LUSAKA CAMPUS CBU- LUSAKA CAMPUS General Stacks 10/07/2024   TL 154 Aut 752891 10/07/2024   10/07/2024 MONOGRAPH CBU-Lusaka Campus BOOK AID INTERNATIONAL
          CBU-MAIN LIBRARY, KITWE. CBU-MAIN LIBRARY, KITWE.   01/25/2024   TL 154 Aut 751369 01/25/2024 1 01/25/2024 MONOGRAPH    
          CBU-MAIN LIBRARY, KITWE. CBU-MAIN LIBRARY, KITWE.   01/25/2024   TL 154 Aut 751367 01/25/2024 2 01/25/2024 MONOGRAPH    
          CBU-MAIN LIBRARY, KITWE. CBU-MAIN LIBRARY, KITWE.   01/25/2024   TL 154 Aut 751368 01/25/2024 3 01/25/2024 MONOGRAPH